| 000 | 01061nam a22003017i 4500 | ||
|---|---|---|---|
| 999 |
_c23546 _d23546 |
||
| 003 | AR-CdUCM | ||
| 008 | 260306b20202020 pe||||| |||| 00| 0 spa d | ||
| 020 | _a978-84-330-3113-6 | ||
| 040 |
_aMUNICIPALIDAD PROVINCIAL DEL CUSCO _cBIBLIOTECA MUNICIPAL DEL CUSCO |
||
| 041 | _hspa | ||
| 082 |
_aEP / 803 _bS66 |
||
| 100 |
_aSolaz Solaz, Eva _952381 |
||
| 245 | _aEmociones todo un reto / | ||
| 260 |
_aBilbao-España : _bEditorial Descrée de Brouwer A.S. _c2020 |
||
| 300 |
_a169 páginas. : _c|21x15 cm. |
||
| 500 | _zPágina 169 | ||
| 505 | _aDescubrimos las emociones -- El jardín de los sentimientos -- El mundo de las emociones -- Expresamos sentimientos -- La caja de las emociones -- Tertulias emocionales | ||
| 650 |
_aEmociones _916534 |
||
| 650 |
_aRespeto a la diversidad _952382 |
||
| 650 |
_aActividades _925904 |
||
| 650 |
_aTalleres reto _952383 |
||
| 650 |
_aEspacio de calma _952384 |
||
| 650 |
_aMúsica reto _952385 |
||
| 650 |
_aRecursos _939 |
||
| 856 | _fwww.edesclee.com | ||
| 942 |
_2ddc _cLIBROS |
||
| 945 |
_apbjr _d06.-03-2026 |
||